Teenageři
Agentúra PHD zisťovala, aké je mediálne správanie teenagerov. Charakteristika teenagerov. Vzťah tejto cieľovej skupiny k televízii, rozhlasu, kinu, novinám, internetu. Účasť na Facebooku. Obľúbené značky. Reklama a nakupovanie.
Gespeichert in:
| Format: | Buchkapitel |
|---|---|
| Sprache: | Tschechisch |
| Schlagworte: | |
| Tags: |
Keine Tags, Fügen Sie das erste Tag hinzu!
|
MARC
| LEADER | 00000naa a2200000 4500 | ||
|---|---|---|---|
| 001 | 0146302 | ||
| 005 | 20240315071904.6 | ||
| 041 | 0 | |a cze | |
| 044 | |a CZ | ||
| 245 | 1 | 0 | |a Teenageři |
| 520 | |a Agentúra PHD zisťovala, aké je mediálne správanie teenagerov. Charakteristika teenagerov. Vzťah tejto cieľovej skupiny k televízii, rozhlasu, kinu, novinám, internetu. Účasť na Facebooku. Obľúbené značky. Reklama a nakupovanie. | ||
| 610 | 2 | 0 | |a spotrebitelia |
| 610 | 2 | 0 | |a správanie spotrebiteľa |
| 610 | 2 | 0 | |a skupiny cieľové |
| 610 | 2 | 0 | |a siete sociálne |
| 610 | 2 | 0 | |a značky výrobkov |
| 610 | 2 | 0 | |a reklama |
| 610 | 2 | 0 | |a nákup |
| 610 | 2 | 0 | |a mládež |
| 610 | 2 | 0 | |a prieskum |